The boy who spoke dog / (Record no. 4697)

MARC details
000 -LEADER
fixed length control field 00890nam a22002897a 4500
001 - CONTROL NUMBER
control field 4697
003 - CONTROL NUMBER IDENTIFIER
control field FISKH
005 - DATE AND TIME OF LATEST TRANSACTION
control field 20240923100031.0
008 - FIXED-LENGTH DATA ELEMENTS--GENERAL INFORMATION
fixed length control field 240923b cb ||||| |||| 00| 0 eng d
020 ## - INTERNATIONAL STANDARD BOOK NUMBER
International Standard Book Number 9780142403433
040 ## - CATALOGING SOURCE
Original cataloging agency FISKH
Language of cataloging eng
Transcribing agency FISKH
Modifying agency FISKH
050 ## - LIBRARY OF CONGRESS CALL NUMBER
Classification number PZ7.M82114
082 ## - DEWEY DECIMAL CLASSIFICATION NUMBER
Edition number 575
100 ## - MAIN ENTRY--PERSONAL NAME
Personal name Morgan, Clay
245 ## - TITLE STATEMENT
Title The boy who spoke dog /
Statement of responsibility, etc. Clay Morgan
250 ## - EDITION STATEMENT
Edition statement Published in 2005
260 ## - PUBLICATION, DISTRIBUTION, ETC.
Place of publication, distribution, etc. New York :
Name of publisher, distributor, etc. Puffin Books,
Date of publication, distribution, etc. 2005.
300 ## - PHYSICAL DESCRIPTION
Extent 166 pages :
Dimensions 20cm
505 ## - FORMATTED CONTENTS NOTE
Formatted contents note P<br/>
520 ## - SUMMARY, ETC.
Summary, etc. After being marooned on an island near New Zealand, Jack, an orphaned cabin boy from San Francisco, becomes allied with a group of dogs who protect the local sheep from wild dogs.
521 8# - TARGET AUDIENCE NOTE
Target audience note 650L<br/>
Source Lexile<br/>
521 8# - TARGET AUDIENCE NOTE
Target audience note P<br/>
Source Raz-Plus<br/>
650 ## - SUBJECT ADDED ENTRY--TOPICAL TERM
Source of heading or term Survival
Topical term or geographic name entry element New Zealand
650 ## - SUBJECT ADDED ENTRY--TOPICAL TERM
Source of heading or term Adventure
Topical term or geographic name entry element Fantasy
942 ## - ADDED ENTRY ELEMENTS (KOHA)
Source of classification or shelving scheme Dewey Decimal Classification
Koha item type Books
Suppress in OPAC No
Holdings
Withdrawn status Lost status Source of classification or shelving scheme Damaged status Not for loan Collection Home library Current library Shelving location Date acquired Total Checkouts Full call number Barcode Date last seen Copy number Price effective from Koha item type
    Dewey Decimal Classification     Fiction Footprints International School Library Network Toul Kork Campus Footprints International School Library Network Toul Kork Campus TTP Primary Orange Bookshelves 09/23/2024   MOR 575 PZ7.M82114 2024-2058 09/23/2024 1 09/23/2024 Books